000 00551nam a22001817a 4500
005 20241106131700.0
008 241106b |||||||| |||| 00| 0 eng d
020 _a9781418839451
050 _aQA76.27
_b.P36
100 _aParsons, June Jamrich
245 _aNew Perspectives on Computer Concepts/
_cJune Jamrich Parsons & Dan Oja
250 _a9th Ed.
260 _aAustralia
_bThomson Course Technology
_c2007
300 _axvi.0-35.452p.
_bill. some color
_c27.5cm
650 _2Computer Concepts
700 _aOja Dan
942 _2lcc
_cBK
_e9th Ed.
_n0
999 _c697
_d697